000 01113nam0a22002651 4500
001 rc\236017
005 20030307120336.9
035 _a(NLR Aleph) 005498315
090 _a5280400
_c5280400
100 _a20030307d1990 u |0rusy50 ca
101 0 _arus
102 _aRU
105 _ay |||||||||
200 1 _aМЕТОДИЧЕСКИЕ рекомендации по теме "О внешней политике СССР"
_fОм. обл. орг. о-ва "Знание", НМС по пропаганде внеш. политики СССР и междунар. отношений
_g[Подгот. к. и. н., засл. работник культуры РСФСР Наумов П.Н.]
210 _aОмск
_cБ. и.
_d1990
215 _a18 с.
_d20
225 1 _aВ помощь лектору
320 _aБиблиогр.: с. 17
702 1 _aНаумов
_bП. Н.
_4570
712 0 2 _a"Знание", о-во РСФСР
_bОмская обл. организация
_3RU\NLR\AUTH\889959311
801 0 _aRU
_bNLR
_gpsbo
801 1 _aRU
_bELAR
_2rusmarc
852 _aNLR
_j91-4/9630
942 _cBOOK
980 _aNB